000 00706nam a2200205Ii 4500
003 JO-AjNU
008 230605s9999||||xx |||||||||||||| ||und||
017 _a2013/4/1005
040 _aJO-AjNU
_bara
_erda
_cJO-AjNU
041 _aara
050 1 4 _aPJ8060.D35 2013
100 3 _aبحث وإعداد الدعجة، طارق كساب,
_eauthor
_951893
245 0 0 _aديوان مختارات من الشعر النبطي في الأردن
264 3 1 _aعمان: وزارة الثقافة، 2013
300 _a390ص
336 _atext
_btxt
_2rdacontent
337 _aunmediated
_bn
_2rdamedia
338 _avolume
_bnc
_2rdacarrier
650 4 _aالاردن - الشعر النبطي - ديوان
_951894
999 _aA22955
_c26523
_d26523